| 000 | 01070nam a2200277 i 4500 | ||
|---|---|---|---|
| 001 | 000017905 | ||
| 003 | DO-SdBNP | ||
| 005 | 20241121142700.0 | ||
| 007 | ta | ||
| 008 | 100407s1993 dr r 000 0 spa d | ||
| 040 |
_aDO-SdBNP _bspa _cBNPHU _erda |
||
| 082 |
_axxxx _bD325r _222 |
||
| 100 | 1 |
_aDeive, Carlos Esteban, _d1935-2019 _91916 _eautor _4aut. |
|
| 245 | 1 | 4 |
_aLos restos de Colón : _bdefensa del hallazgo dominicano de 1877 / _cCarlos Esteban Deive ; presentación Manuel A. García Arévalo. |
| 264 | 1 |
_aSanto Domingo : _bFundación García Arévalo, _c1993. |
|
| 300 |
_a191 páginas _c23 cm. |
||
| 336 |
_atexto _btxt _2rdacontent |
||
| 337 |
_asin mediación _bn _2rdamedia |
||
| 338 |
_avolumen _bnc _2rdacarrier |
||
| 500 | _aIncluye datos biográficos del autor en la solapa de la cubierta | ||
| 500 | _aIncluye referencias bibliográficas y notas al pie de las páginas | ||
| 504 | _aBibliografía : p. 187-188 | ||
| 590 | _aInventariado, 2019/BT | ||
| 700 | 1 |
_a García Arévalo, Manuel Antonio _d1948- _epresentador _959457 _4pres. |
|
| 942 |
_2ddc _cLBS1 |
||
| 999 |
_c17429 _d17429 |
||